La interacción entre las familias y la televisión : un estudio en Aguascalientes /

Zapisane w:
Opis bibliograficzny
1. autor: Navarro Casillas, Ana María (autor)
Kolejni autorzy: Orozco Gómez, Guillermo (prólogo) (prólogo)
Format: Książka
Język:hiszpański
Wydane: Aguascalientes, México : Universidad Autónoma de Aguascalientes, 2003, c2003
Hasła przedmiotowe:
Etykiety: Dodaj etykietę
Nie ma etykietki, Dołącz pierwszą etykiete!

MARC

LEADER 00000nam^a2200000^a^4500
001 000166777
005 20250521000000.0
005 20250521000000.0
009 20260310101103.352
020 |a 968-5073-651 
037 |a Acervo ITESO - Biblioteca 
041 |a ESP 
082 |a 302. 234011  |b NAV 
100 |a Navarro Casillas, Ana María  |e (autor) 
245 1 3 |a La interacción entre las familias y la televisión :  |b un estudio en Aguascalientes /  |c A.M. Navarro Casillas ; pról. de G. Orozco Gómez. 
264 4 |a Aguascalientes, México :  |b Universidad Autónoma de Aguascalientes,  |c 2003, c2003 
300 |a 192 p. 
336 |a texto  |b txt  |2 rdacontenido 
337 |a sin mediación  |b n  |2 rdamedio 
338 |a volumen  |b nc  |2 rdasoporte 
649 |a XX 
650 |a Valores 
650 |a Medios de Comunicación -  |z Aguascalientes (Ciudad) 
650 |a Medios de Comunicación -  |z México 
650 |a Vida Cotidiana -  |z México 
650 |a Vida Cotidiana -  |z Aguascalientes (Ciudad) 
650 |a Vida Privada -  |z México 
650 |a Vida Privada -  |z Aguascalientes (Ciudad) 
650 |a Axiología -  |z México 
650 |a Axiología -  |z Aguascalientes (Ciudad) 
650 |a Familia -  |z México 
650 |a Familia -  |z Aguascalientes (Ciudad) 
650 |a Relaciones Familiares -  |z México 
650 |a Relaciones Familiares -  |z Aguascalientes (Ciudad) 
650 |a Comunicación Masiva -  |z México 
650 |a Comunicación Masiva -  |z Aguascalientes (Ciudad) 
650 |a Comunicación Visual -  |z México 
650 |a Comunicación Visual -  |z Aguascalientes (Ciudad) 
650 |a Sociología de la Comunicación 
650 |a Medios Audiovisuales -  |z México 
650 |a Medios Audiovisuales -  |z Aguascalientes (Ciudad) 
650 |a Televisión -  |z México -  |x Historia -  |y Siglo XX 
650 |a Televisión -  |z México -  |x Historia -  |y 1994-2000 
650 |a Televisión -  |z Aguascalientes (Ciudad) -  |x Historia -  |y Siglo XX 
650 |a Televisión -  |z Aguascalientes (Ciudad) -  |x Historia -  |y 1994-2000 
650 |a Consumo y Oferta Cultural -  |z México 
650 |a Consumo y Oferta Cultural -  |z Aguascalientes (Ciudad) 
650 |a Recepción y Apropiación de la Comunicación -  |z México 
650 |a Recepción y Apropiación de la Comunicación -  |z Aguascalientes (Ciudad) 
650 |a Público 
650 |a Receptores 
650 |a Televidentes 
700 |a Orozco Gómez, Guillermo  |e (prólogo) 
910 |a Fondo General 
920 |a Impresos - Libros 
930 |a Colección General 
905 |a 101 
901 |a 0500102091  |b IT1  |c ACC  |u 20250521 
902 |a https://opac.biblio.iteso.mx/vufind/Record/000166777